Descartes y el nacimiento de la modernidad : conocimiento y dominio de la naturaleza /

Guardat en:
Dades bibliogràfiques
Autor principal: García Rodríguez, Sergio (autor)
Format: Llibre
Idioma:espanyol
Publicat: Madrid, España : Sindéresis, 2025, c2025
Col·lecció:(Epoché. Constitución y Crítica de la Modernidad ; 3)
Matèries:
Etiquetes: Afegir etiqueta
Sense etiquetes, Sigues el primer a etiquetar aquest registre!

MARC

LEADER 00000nam^a2200000^a^4500
001 000628658
005 20260220000000.0
009 20260310134117.47
020 |a 978-84-18206-81-8 
037 |a Acervo ITESO - Biblioteca 
041 |a ESP 
082 |a 149. 7  |b DES EST GAR 
100 |a García Rodríguez, Sergio  |e (autor) 
245 1 0 |a Descartes y el nacimiento de la modernidad :  |b conocimiento y dominio de la naturaleza /  |c S. García Rodríguez. 
264 4 |a Madrid, España :  |b Sindéresis,  |c 2025, c2025 
300 |a 322 p. 
336 |a texto  |b txt  |2 rdacontenido 
337 |a sin mediación  |b n  |2 rdamedio 
338 |a volumen  |b nc  |2 rdasoporte 
440 1 |a (Epoché.  |p Constitución y Crítica de la Modernidad ;  |v 3) 
521 |a Peticiones 2026 
545 0 |a El filósofo y científico francés René Descartes (1596 - 1650) es considerado el padre de la filosofía moderna por su cuestionamiento a los modelos aristotélicos, su formulación de la dualidad entre alma y cuerpo y por establecer un modelo científico basado en la observación y en la experimentación. Principal exponente del racionalismo, planteó la razón y la duda como métodos para la reflexión filosófica y como condiciones para reconocer la validez del conocimiento en contraste con la aceptación de autoridad de esquemas filosóficos previos o de la percepción de los sentidos. Su concepción del hombre como un ser conscientemente pensante (abreviada en su locución “cogito, ergo sum”) parte de sus postulados metafísicos sobre el espíritu y la materia, sobre la separación entre las ideas innatas de la mente y la visión mecanicista de la realidad exterior. Como matemático expuso los principios de la geometría analítica, al aplicar análisis matemáticos y algebraicos a planos y figuras geométricas, así como de los números exponenciales. Autor de diversas obras, entre las principales se encuentran Reglas para la dirección del espíritu (1628), Discurso del método (1637), Geometría (1637), Meditaciones metafísicas (1641), Principios de filosofìa (1644) y Las pasiones del alma (1649). 
649 |a XX 
650 |a Filósofos Franceses 
650 |a Principio de las Cosas 
650 |a Realidad 
650 |a Cosmología 
650 |a Filosofía de la Naturaleza -  |x Tema Principal 
650 |a Racionalismo -  |x Historia y Crítica -  |x Tema Principal 
650 |a Filosofía Moderna -  |x Historia y Crítica 
650 |a Filosofía Francesa -  |x Historia y Crítica 
650 |a Descartes, René -  |x Tema Principal 
910 |a Fondo General 
920 |a Impresos - Libros 
930 |a Colección General 
905 |a 101 
901 |a 628658-10  |b IT1  |c ACC  |d EN  |i C193396  |u 20260220 
902 |a https://opac.biblio.iteso.mx/vufind/Record/000628658